| 000 | 00000cas 2200000zi 4500 |
| 001 | 9.936131 |
| 003 | CaOODSP |
| 005 | 20260330085148 |
| 006 | m o d f |
| 007 | cr cn |||||||| |
| 008 | 240328c20129999picar p o f0###a0eng|d |
| 022 | |a2818-2871 |
| 040 | |aCaOODSP|beng|erda|cCaOODSP |
| 043 | |an-cn--- |
| 086 | 1 |aV97-5E-PDF |
| 110 | 1 |aCanada. |bVeterans Review and Appeal Board, |eauthor, |eissuing body. |
| 222 | 0|aFuture-oriented financial statements |b(Canada. Veterans Review and Appeal Board) |
| 245 | 10|a... future-oriented financial statements / |cVeterans Review and Appeal Board. |
| 246 | 13|aNotes to future-oriented statement of operations (unaudited) |
| 264 | 1|a[Charlottetown, Prince Edward Island] : |bVeterans Review and Appeal Board, |c[2012]- |
| 310 | |aAnnual, |b2024- |
| 321 | |aAnnual, |b2012-2016 |
| 321 | |aBiennial, |b2020-2022 |
| 336 | |atext|btxt|2rdacontent |
| 337 | |acomputer|bc|2rdamedia |
| 338 | |aonline resource|bcr|2rdacarrier |
| 362 | 1 |aBegan with: 2011/2012. |
| 500 | |aIssued also in French under title: ... états financiers prospectifs. |
| 500 | |aTitle supplied from (publisher’s) website. |
| 500 | |aIssues are available in HTML format only except for 2023/2024. |
| 588 | |aDescription based on: 2023/2024. |
| 588 | |aLatest issue consulted: 2024/2025. |
| 610 | 10|aCanada. |bVeterans Review and Appeal Board |xAppropriations and expenditures|vPeriodicals. |
| 650 | 0|aFinance, Public|zCanada|xForecasting|vPeriodicals. |
| 655 | 7|aPeriodicals|2lcgft |
| 775 | 08|t... états financiers prospectifs / |w(CaOODSP)9.936165 |
| 856 | 40|qHTML|sN/A|uhttps://vrab-tacra.gc.ca/en/about-us/plans-and-reports/future-oriented-financial-statements |